LEADER 00883nam a2200229 i 4500 001 000000233923 003 CaOOAMICUS 005 20140930000000.0 008 140930s1883 it u000 u ita u 013 $a212826 040 $aSeMil$bita 100 1 $aDe Gubernatis, Angelo,$d<1840-1913>.$0(OLS)http://semarc/name/11429 245 10$aLetteratura indiana /$cdi Angelo De Gubernatis. 260 $aMilano :$bUlrico Hoepli,$c1883. 300 $aVII, 159 p. ;$c16 cm. 490 0 $aManuali Hoepli 650 4$aLetteratura indiana.$0(OLS)http://semarc/subject/29818 830 0$aManuali Hoepli.$0(OLS)http://semarc/title/7639 850 $aSeMil 852 $aSeMil$W1$xVenegono$y1$m2ZB III 8 FA$j184269$B184269$CSeMilBibl$Z2$F195228 $8I 996 $6245$aLetteratura indiana$9(OLS)http://semarc/title/333919 996 $6260$aMilano :$bUlrico Hoepli$9(OLS)http://semarc/publisher/29765 LEADER 00948nam a2200217 i 4500 001 000000200722 003 CaOOAMICUS 005 20110413000000.0 008 110413s1924 it u000 u ita u 013 $a179423 040 $aSeMil$bita 100 1 $aLegros, Georges Victor.$0(OLS)http://semarc/name/72549 245 13$aLa vita di J. H. Fabre :$bnaturalista, scritta da un discepolo /$cG. V. Legros ; traduzione di E. Aresca. 260 $aMilano :$bSonzogno,$c1924. 300 $a227 p., [1] p. di tav. ;$c22 cm. 600 14$aFabre, Jean-Henri <1823-1915>.$0(OLS)http://semarc/subject/37680 700 1 $aAresca, Enrico.$0(OLS)http://semarc/name/72328 850 $aSeMil 852 $aSeMil$W1$xVenegono$y1$m3XI II 20$j151251$B151251$CSeMilBibl$Z2$F162502 $81 996 $6245$aLa vita di J. H. Fabre :$bnaturalista, scritta da un discepolo$9(OLS)http://semarc/title/290301 996 $6260$aMilano :$bSonzogno$9(OLS)http://semarc/publisher/31743